00718nam a2200217Ia 4500003000900000008004100009020001800050040001600068080001700084100002700101245009000128260003900218300001000257650004100267650003200308650001700340650001900357942000700376999001500383952010200398IN-BaIIA211028s9999 xx 000 0 eng d a0-486-23726-5 cIIA Library a523.481bGRO aGrosser, Marton911723 4aThe discovery of neptunecMarton Grosser  aNew YorkbDover Publicationsc1979 a172p. aAstronomy and astrophysics thesaurus aExtraterrestrial life94250 aOrigin95840 aUniverse91987 cBK c6838d6838 00104070aBANbBANcGENd1981-09-07l0o523.481/ GROp7602r2021-11-05w1981-09-07yBKG£ 1.90